00638nam a2200205 a 450000100060000000300080000600500170001400800390003102000150007003500190008504000320010404100080013608200220014410000240016624500950019026000380028530000330032350400640035665000120042068536BD-RjUL20211209081801.0141012s1992 nyuab b 001 0 eng a0716723336 a(BD-RjUL)68746 aDLCcDLCdDLCdBD-RjULbeng aeng00223a577bDUS 19921 aDusenbery, David B.10aSensory ecology :bhow organisms acquire and respond to information /cDavid B. Dusenbery. aNew York :bW.H. Freeman,cc1992. axx, 558 p. :bill. ;c25 cm. aIncludes bibliographical references (p. 507-547) and index. aEcology